Southville International School and Colleges
Your cart is empty.
  • Cart
  • Lists
    Public lists Eva Luna New books Lux_list list_1
    Your lists Log in to create your own lists
  • Log in to your account
  • Your cookies
  • Search history
Southville International School and Colleges
  • Advanced search
  • Recent comments
  • Most popular
  • Libraries

Log in to your account

Log in with GOOGLE


If you do not have an external account, but do have a local account, you can still log in:

  1. Home
  2. MARC view: Entrepreneurial journalism :
Normal view MARC view ISBD view

Entrepreneurial journalism : (Record no. 117451)

[ view plain ]
MARC details
000 -LEADER
fixed length control field 00532nam a2200181Ia 4500
008 - FIXED-LENGTH DATA ELEMENTS--GENERAL INFORMATION
fixed length control field 140527s9999 xx 000 0 und d
020 ## - INTERNATIONAL STANDARD BOOK NUMBER
International Standard Book Number 9781608714209
050 ## - LIBRARY OF CONGRESS CALL NUMBER
Classification number PN 4833
Item number .B74 2012
100 ## - MAIN ENTRY--PERSONAL NAME
Personal name Briggs, Mark.
245 ## - TITLE STATEMENT
Title Entrepreneurial journalism :
Remainder of title how to build what's next for news /
Statement of responsibility, etc Mark Briggs
260 ## - PUBLICATION, DISTRIBUTION, ETC. (IMPRINT)
Place of publication, distribution, etc Los Angeles :
Name of publisher, distributor, etc Sage,
Date of publication, distribution, etc c2012.
300 ## - PHYSICAL DESCRIPTION
Extent 320 p. :
Other physical details ill. ;
Dimensions 21 cm.
500 ## - GENERAL NOTE
General note Includes glossary and index.
521 ## - TARGET AUDIENCE NOTE
Target audience note
650 ## - SUBJECT ADDED ENTRY--TOPICAL TERM
Topical term or geographic name as entry element Online journalism.
942 ## - ADDED ENTRY ELEMENTS (KOHA)
Call number prefix Foreign
Koha item type Books
Holdings
Withdrawn status Lost status Damaged status Home library Current library Shelving location Date acquired Cost, normal purchase price Total Checkouts Full call number Barcode Date last seen Price effective from Koha item type
      College Library College Library Reserve Section 05/28/2014 566.82   PN 4833 .B74 2012 C18059 10/30/2014 05/28/2014 Books

Entrepreneurial journalism :

APA

Briggs M., . (2012). Entrepreneurial journalism. Los Angeles: Sage.

Chicago

Briggs Mark, . 2012. Entrepreneurial journalism. Los Angeles: Sage.

Harvard

Briggs M., . (2012). Entrepreneurial journalism. Los Angeles: Sage.

MLA

Briggs Mark, . Entrepreneurial journalism. Los Angeles: Sage. 2012.

  • Place hold
  • Print
  • Cite
  • Add to your cart (remove)
  • Save record
    BIBTEX Dublin Core MARCXML MARC (non-Unicode/MARC-8) MARC (Unicode/UTF-8) MARC (Unicode/UTF-8, Standard) MODS (XML) RIS
  • More searches
    Search for this title in:
    Other Libraries (WorldCat) Other Databases (Google Scholar) Online Stores (Bookfinder.com) Open Library (openlibrary.org)

Exporting to Dublin Core...

SOUTHVILLE LIBRARY

Southville International School and Colleges Library

1281 Tropical Ave. Cor. Luxembourg St., BF Homes International, Las Pinas City

Tel. No. 8256374 / 252358 Loc. 117/146

Powered by Koha